LEADER 01082nam0 2200289 4500 001 000030224 005 20141119150128.0 010 $a978-88-7812-222-2 100 $a20141119d2013----km-y0itay50------ba 101 0 $aita 102 $aIT 105 $ay-------001yy 200 1 $a<>battaglia della cultura$eEmanuele Casamassima e le biblioteche$fTiziana Stagi 210 $aRoma$cAssociazione italiana biblioteche$d2013 215 $a607 p.$cill.$d24 cm 300 $aContiene anche una scelta di scritti di E. Casamassima. 410 0$12001 500 10$a<>battaglia della cultura : Emanuele Casamassima e le biblioteche$940138 610 1 $aBiblioteconomia$aCasamassima, Emanuele 676 $a020.92$v23$9Biblioteconomia e Scienza dell'Informazione. Persone 700 1$aStagi,$bTiziana$0480677 702 1$aCasamassima,$bEmanuele 801 0$aIT$bUNIPARTHENOPE$c20140504$gRICA$2UNIMARC 912 $a000030224 951 $a020-B/3$b45335$cNAVA1$d2014 996 $aBattaglia della cultura : Emanuele Casamassima e le biblioteche$940138 997 $aUNIPARTHENOPE LEADER 01016nam0 22002771i 450 001 UON00448542 005 20231205105030.432 100 $a20141215d1978 |0itac50 ba 101 $afre 102 $aFR 105 $a|||| 1|||| 200 1 $aˆLe ‰nu perdu$fRené Char 210 $aParis$cGallimard$d1978 215 $a213 p.$d18 cm. 316 $aVALORE STIMATO$5IT-UONSI Francese36 PoèsieCHA/2 410 1$1001UON00174465$12001 $a Collection Poésie$1210 $aParis$cGallimard 620 $aFR$dParis$3UONL002984 676 $a841$cPoesia francese$v21 700 1$aCHAR$bRené$3UONV143015$0392275 712 $aGallimard$3UONV246610$4650 801 $aIT$bSOL$c20240220$gRICA 899 $aSIBA - SISTEMA BIBLIOTECARIO DI ATENEO$2UONSI 912 $aUON00448542 950 $aSIBA - SISTEMA BIBLIOTECARIO DI ATENEO$dSI Francese 36 Poèsie CHA 2 $eSI LO 37065 7 2 VALORE STIMATO$sBuono 996 $aNu perdu$91331695 997 $aUNIOR